Chansons de STAYC - Mort subite - Statistiques

Statistiques générales
  • Ce quiz a été pris 61 fois
  • Le résultat moyen est 12 sur 23
Answers on the Grid
Answers color-coded by a green-red scale on the quiz's grid according to % correct below.
RUN2U
YOUNG LUV
ASAP
Drama
SO BAD
STEREOTYPE
DASH
I'LL BE THERE
BEAUTIFUL MONSTER
SLOW DOWN
LATATA
POPPY
WOKE UP
BUTTERFLY
Teddy Bear
Bubble
Cosmic
Signal
I WANT U BABY
FIESTA
LA DI DA
LIT
Cheeky Icy Thang
Sour Candy
SAME SAME
247
GPT
BOCA
I LIKE IT
MORE & MORE
LOVE
LIKE THIS
Flexing On My Ex
Twenty
YEPPI YEPPI
 
Statistiques - réponses
Réponse % Correct
RUN2U
87%
ASAP
83%
STEREOTYPE
74%
SO BAD
70%
Teddy Bear
70%
POPPY
68%
BEAUTIFUL MONSTER
62%
Bubble
62%
GPT
57%
YOUNG LUV
57%
Cheeky Icy Thang
55%
SLOW DOWN
47%
247
40%
I'LL BE THERE
40%
I WANT U BABY
40%
LIKE THIS
40%
LIT
36%
Flexing On My Ex
34%
LOVE
34%
SAME SAME
34%
BUTTERFLY
32%
I LIKE IT
32%
Twenty
28%
Aucun quiz correspondant
Distribution des résultats
% des personnes avec chaque résultat
Percentile par nombre de réponses
Votre historique - résultats
Vous n’avez pas pris ce quiz